| 000 | 00685nam a22002057a 4500 | ||
|---|---|---|---|
| 003 | OSt | ||
| 005 | 20260223122057.0 | ||
| 008 | 260223b |||||||| |||| 00| 0 eng d | ||
| 020 | _a9780198280316 | ||
| 040 |
_cHDL _beng |
||
| 082 | 0 | 0 | _a294.409544 N5 |
| 100 | 1 |
_aLaidlaw, James. _91116522 |
|
| 245 | 1 | 0 |
_aRiches and renunciation : _breligion, economy, and society among the Jains / _cJames Laidlaw. |
| 260 |
_aOxford : _bClarendon Press ; _aNew York : _bOxford University Press, _c1995. |
||
| 300 |
_avi, 436 p. : _bill., map ; _c22 cm. |
||
| 440 | 0 |
_aOxford studies in social and cultural anthropology _91116523 |
|
| 651 |
_aIndia _91116524 |
||
| 942 | _cTEXL | ||
| 999 |
_c1680116 _d1680116 |
||